| 000 | 01041cam a22002891i 4500 | ||
|---|---|---|---|
| 003 | SA-RiAUC | ||
| 005 | 20250602112108.0 | ||
| 008 | 250423s1946 ua g 000 0 ara c | ||
| 040 |
_aJO-IrYU _bara _cSA-RiAUC _erda |
||
| 041 | 1 |
_aara _hund |
|
| 050 | 1 | 4 | _b.Q85 |
| 050 | 1 | 4 | _b.Q85 1946 |
| 082 | 0 | 4 | _a253.4 |
| 090 |
_aن 253.4 _b ق ر ش |
||
| 100 | 1 |
_aقرشي، أنور إقبال، _d1910- _eمؤلف. |
|
| 245 | 1 | 0 |
_aالإسلام والربا / _cتأليف أنور إقبال قرشي ؛ ترجمة فاروق حلمي. |
| 264 | 1 |
_aالقاهرة : _bمكتبة مصر، _c1946 |
|
| 300 |
_a258 صفحة؛ _c21 سم. |
||
| 336 |
_aنص _btxt _2rdacontent _3كتاب |
||
| 337 |
_aبدون وسيط _bn _2rdamedia |
||
| 338 |
_aمجلد _bnc _2rdacarrier |
||
| 650 | 7 |
_aالربا (فقه إسلامي) _2aucsh |
|
| 650 | 7 |
_aالمعاملات (فقه إسلامي) _2aucsh |
|
| 700 | 1 |
_aحلمي، فاروق _eمترجم. |
|
| 942 |
_2ddc _cRARE BOOK _n0 |
||
| 949 |
_aSA-JeALM _d250423 _umohamedma123 _n1 |
||
| 999 |
_c8675 _d8675 |
||